LEADER 00969nam0-22003011i-450 001 990001713230403321 005 20201209134318.0 035 $a000171323 035 $aFED01000171323 035 $a(Aleph)000171323FED01 035 $a000171323 100 $a20030910d1979----km-y0itay50------ba 101 0 $aita 200 1 $aFisiopatologia della riproduzione sincronizzazione degli estri e fecondazione artificiale negli ovini e nei caprini$fA. Corrias 210 $aTorino$cCIRAFAS-FINAM$d1979 215 $a65 p.$d26 cm 610 0 $aCaprini 610 0 $aFecondazione artificiale 610 0 $aOvini 676 $a636.082 45 700 1$aCorrias,$bA.$073895 801 0$aIT$bUNINA$gRICA$2UNIMARC 901 $aBK 912 $a990001713230403321 952 $a60 636.3 B 8$b47387$fFAGBC 959 $aFAGBC 996 $aFisiopatologia della riproduzione sincronizzazione degli estri e fecondazione artificiale negli ovini e nei caprini$9358825 997 $aUNINA LEADER 02184nam0 22005173i 450 001 VAN00283196 005 20250109104430.253 017 70$2N$a9789811666544 100 $a20241120d2021 |0itac50 ba 101 $aeng 102 $aSG 105 $a|||| ||||| 181 $ai$b e 182 $ab 200 1 $aSolvable One-Dimensional Multi-State Models for Statistical and Quantum Mechanics$fRajendran Saravanan, Aniruddha Chakraborty 210 $aSingapore$cSpringer$d2021 215 $axix, 174 p.$cill.$d24 cm 606 $a81-XX$xQuantum theory [MSC 2020]$3VANC019967$2MF 606 $a81Q80$xSpecial quantum systems, such as solvable systems [MSC 2020]$3VANC036366$2MF 606 $a81V55$xMolecular physics [MSC 2020]$3VANC023279$2MF 610 $aBorn-Oppenheimer Surfaces$9KW:K 610 $aCoupled Two-State Problems$9KW:K 610 $aDiffusion Systems$9KW:K 610 $aElectron Transfer$9KW:K 610 $aFokker-Planck Equation$9KW:K 610 $aGaussian Wave Packets$9KW:K 610 $aHarmonic Oscillator$9KW:K 610 $aLibby?s Theory$9KW:K 610 $aNon-Equilibrium Systems$9KW:K 610 $aOster-Nishijima Model$9KW:K 610 $aReaction-Diffusion models$9KW:K 610 $aSingle State Models$9KW:K 610 $aSmoluchowski Equations$9KW:K 610 $aWave Packet Dynamics$9KW:K 620 $aSG$dSingapore$3VANL000061 700 1$aSaravanan$bRajendran$3VANV236464$01052134 701 1$aChakraborty$bAniruddha$3VANV236465$01774554 712 $aSpringer $3VANV108073$4650 801 $aIT$bSOL$c20250110$gRICA 856 4 $uhttp://doi.org/10.1007/978-981-16-6654-4$zE-book ? Accesso al full-text attraverso riconoscimento IP di Ateneo, proxy e/o Shibboleth 899 $aBIBLIOTECA DEL DIPARTIMENTO DI MATEMATICA E FISICA$1IT-CE0120$2VAN08 912 $fN 912 $aVAN00283196 950 $aBIBLIOTECA DEL DIPARTIMENTO DI MATEMATICA E FISICA$d08DLOAD e-Book 9840 $e08eMF9840 20241127 996 $aSolvable One-Dimensional Multi-State Models for Statistical and Quantum Mechanics$94286942 997 $aUNICAMPANIA